| Tag |
First Indicator |
Second Indicator |
Subfields |
| LEADER |
00000cam a2200000 a 4500 |
| 001 |
in00000092727 |
| 005 |
20150923132208.0 |
| 008 |
820406s1981 stka b 10000 eng |
| 010 |
|
|
|a 82107747
|
| 015 |
|
|
|a GB***
|
| 020 |
|
|
|a 0707302951 :
|c 915.00
|
| 035 |
|
|
|a (OCoLC)07969659
|
| 035 |
|
|
|9 AAK7549AM
|
| 039 |
0 |
|
|a 2
|b 3
|c 3
|d 3
|e 3
|
| 040 |
|
|
|a DLC
|c DLC
|d TXA
|d UtOrBLW
|
| 049 |
|
|
|a TXAM
|c [1272684]
|
| 050 |
0 |
0 |
|a QP371
|b S65
|
| 082 |
0 |
|
|a 599.01/88
|2 19
|
| 245 |
0 |
0 |
|a Spinal cord sensation :
|b sensory processing in the dorsal horn : the proceedings of a satellite symposium of the International Congress of Physiological Sciences, held at Keszthely, Hungary, July 9-12, 1980 /
|c edited by A.G. Brown and M. Rethelyi.
|
| 264 |
|
1 |
|a Edinburgh :
|b Scottish Academic Press,
|c 1981.
|
| 300 |
|
|
|a xvi, 341 pages :
|b illustrations ;
|c 24 cm.
|
| 336 |
|
|
|a text
|b txt
|2 rdacontent
|
| 337 |
|
|
|a unmediated
|b n
|2 rdamedia
|
| 338 |
|
|
|a volume
|b nc
|2 rdacarrier
|
| 500 |
|
|
|a "Proceedings of the Symposium "Sensory Processing in the Dorsal Horn" at Keszthely, Hungary, on 9th-12th July 1980"--introduction.
|
| 504 |
|
|
|a Includes bibliographies and index.
|
| 650 |
|
0 |
|a Spinal cord
|x Congresses.
|
| 650 |
|
0 |
|a Senses and sensation
|v Congresses.
|
| 650 |
|
0 |
|a Afferent pathways
|v Congresses.
|
| 700 |
1 |
|
|a Brown, A. G.
|q (Alan Geoffrey)
|
| 700 |
1 |
|
|a Réthelyi, M.
|
| 711 |
2 |
|
|a International Congress of Physiological Sciences
|n (28th :
|d 1980 :
|c Budapest, Hungary)
|
| 711 |
2 |
|
|a Symposium "Sensory Processing in the Dorsal Horn"
|d (1980 :
|c Keszthely, Hungary)
|
| 999 |
|
|
|a MARS
|
| 999 |
f |
f |
|s 7b003676-d4f1-37fb-8df0-095be84d8326
|i db8e2522-fccf-3639-a23c-c94150396b8f
|t 0
|
| 952 |
f |
f |
|p ric
|a Texas A&M University
|b Rellis Campus
|c Joint Library Facility
|d Remote Storage
|t 0
|e QP371 S65
|h Library of Congress classification
|i unmediated -- volume
|m A14806006077
|
| 998 |
f |
f |
|a QP371 S65
|t 0
|l Remote Storage
|